Biblioteka Instytutu Północnego w Olsztynie

Widok standardowy Widok MARC

Pozycja Personal Name

Liczba rekordów, w których użyto hasła: 1

001 - Numer kontrolny

  • control field: 36008

003 - Identyfikator numeru kontrolnego

  • control field: NUKAT

005 - Data i czas ostatniej modyfikacji

  • control field: 20260129225115.0

008 - Dane kontrolne kodowane (40 znaków)

  • fixed length control field: 020627n||a|znnaabn |a aaa |c

010 ## - Numer kontrolny Biblioteki Kongresu

  • numer kontrolny LC: n 2002065215

024 7# - OTHER STANDARD IDENTIFIER

  • Standard number or code: 95168083
  • Source of number or code: viaf

024 7# - OTHER STANDARD IDENTIFIER

  • Standard number or code: 000000010786263X
  • Source of number or code: isni

024 7# - OTHER STANDARD IDENTIFIER

  • Standard number or code: Q544765
  • Source of number or code: wikidata

040 ## - Instytucja sporządzająca rekord

  • inst. przygot. dane do rek. khw: LUBL KUL/me
  • język haseł przedmiotowych/tezaurus: kaba
  • inst. wprow. rek. khw: LUBL KUL/me
  • inst. modyf. rek. khw: LUBL M/mm
  • inst. modyf. rek. khw: WA U/ASO
  • inst. modyf. rek. khw: KR 295/DC
  • inst. modyf. rek. khw: POZN U/AnK
  • inst. modyf. rek. khw: SAND 001/DR

046 ## - Special dates

  • Birth date: 1845
  • Death date: 1931

100 1# - Hasło - nazwa osobowa

  • nazwa osobowa w formie ujednoliconej: Cathrein, Victor
  • daty biograficzne: (1845-1931).

400 1# - Trop zob. - nazwa osobowa

  • nazwa osobowa (nazwisko, imiona): Cathrein, Wiktor.

400 1# - Trop zob. - nazwa osobowa

  • nazwa osobowa (nazwisko, imiona): Cathrein, Viktor.

400 1# - Trop zob. - nazwa osobowa

  • nazwa osobowa (nazwisko, imiona): Cathrein.

400 1# - Trop zob. - nazwa osobowa

  • nazwa osobowa (nazwisko, imiona): Cathrein, Vittore.

670 ## - Źródło informacji

  • źródło informacji: Po co katolikowi Kościół? / ks. Wiktor Cathrein SJ. - Warszawa, 2001.

670 ## - Źródło informacji

  • źródło informacji: Kp. Socyalizm, badanie jego podstaw i możliwości / Wiktor Cathrein. - Warszawa, 1908.

670 ## - Źródło informacji

  • źródło informacji: EKat

670 ## - Źródło informacji

  • źródło informacji: OCLC CatCD

670 ## - Źródło informacji

  • źródło informacji: Sozialismus und Katholizismus / von Viktor Cathrein. - Paderborn, 1929.

670 ## - Źródło informacji

  • źródło informacji: Kp. Przewrotność zasad i dążności socyalistycznych / studyum oprac. na podst. Cathreina. - Poznań, 1891.

670 ## - Źródło informacji

  • źródło informacji: Fede e scienza / Vittore Cathrein. - Firenze, 1904.
Biblioteka Instytutu Północnego, ul. Partyzantów 87, 10-402 Olsztyn, email: biblioteka(at)ip.olsztyn.pl